Statistics for Name one city per country, with exceptions

Click here to take the quiz!

General Stats

  • This quiz has been taken 43 times
    (18 since last reset)
  • The average score is 79 of 193

Answers on the Map

Answers color-coded by a green-red scale on the quiz's map according to % correct below.
 

Answer Stats

Cities% Correct
Los Angeles | Chicago | Houston | Phoenix | Philadelphia
88%
Marseille | Lyon | Toulouse | Nice | Nantes
88%
Montreal | Vancouver | Calgary | Edmonton | Ottawa
88%
Alexandria | Giza | Shubra El Kheima | Port Said | Suez
81%
Barcelona | Valencia | Seville | Málaga | Bilbao
81%
Beijing | Chongqing | Tianjin | Guangzhou | Shenzhen
81%
Cork | Limerick | Galway | Tallaght | Waterford
81%
Hamburg | Munich | Cologne | Frankfurt | Stuttgart
81%
Lautoka | Nadi | Labasa | Ba | Levuka
81%
Milan | Naples | Turin | Palermo | Genoa
81%
St Petersburg | Novosibirsk | Yekaterinburg | Kazan | Nizhny
81%
Ankara | İzmir | Bursa | Adana | Gaziantep
75%
Antwerp | Ghent | Charleroi | Liège | Bruges
75%
Birmingham | Liverpool | Sheffield | Bristol | Glasgow
75%
Busan | Incheon | Daegu | Daejeon | Gwangju
75%
Cape Town | Durban | Pretoria | Port Elizabeth | Vereenigeng
75%
Delhi | Bangalore | Hyderabad | Ahmedabad | Chennai
75%
El Alto | La Paz | Cochabamba | Oruro | Sucre
75%
Geneva | Basel | Lausanne | Bern | Winterthur
75%
Graz | Linz | Salzburg | Innsbruck | Klagenfurt
75%
Jeddah | Mecca | Medina | Khamis Mushait | Dammam
75%
Kharkiv | Odesa | Dnipro | Donetsk | Zaporizhzhia
75%
Kraków | Łódź | Wrocław | Poznań | Gdańsk
75%
Medellín | Cali | Barranquilla | Cartagena | Cúcuta
75%
Novi Sad | Niš | Kragujevac | Subotica | Zrenjanin
75%
Porto | Vila Nova de Gaia | Amadora | Braga | Coimbra
75%
Rio de Janeiro | Brasília | Salvador | Fortaleza | Belo Horizonte
75%
Rotterdam | Hague | Utrecht | Eindhoven | Groningen
75%
Shymkent | Karagandy | Taraz | Nur-Sultan | Pavlodar
75%
Split | Rijeka | Osijek | Zadar | Pula
75%
Tel Aviv | Haifa | Rishon LeZion | Petah Tikva | Ashdod
75%
Thessaloniki | Patras | Piraeus | Larissa | Heraklion
75%
Yokohama | Osaka | Nagoya | Sapporo | Fukuoka
75%
Abu Dhabi | Sharjah | Al Ain | Ajman | Ras Al Khaimah
69%
Basra | Mosul | Erbil | Sulaymaniyah | Kirkuk
69%
Benghazi | Misrata | Zliten | Zawiya | Bayda
69%
Bergen | Trondheim | Stavanger | Kristiansand | Fredrikstad
69%
Brno | Ostrava | Plzeň | Liberec | Olomouc
69%
Christchurch | Wellington | Hamilton | Tauranga | Dunedin
69%
Cluj-Napoca | Timișoara | Iași | Constanța | Craiova
69%
Fez | Tangier | Marrakesh | Salé | Meknes
69%
Göteborg | Malmö | Uppsala | Väsby | Västerås
69%
Hanoi | Haiphong | Cần Thơ | Đà Nẵng | Biên Hòa
69%
Kandahar | Herat | Mazar-i-Sharif | Kunduz | Jalalabad
69%
Kano | Ibadan | Benin | Port Harcourt | Jos
69%
Maracaibo | Valencia | Barquisimeto | Maracay | Ciudad Guayana
69%
Melbourne | Brisbane | Perth | Adelaide | Canberra
69%
Plovdiv | Varna | Burgas | Ruse | Santa Zagora
69%
Quezon | Davao | Caloocan | Zamboanga | Cebu
69%
Tijuana | Ecatepec | León | Puebla | Ciudad Juárez
69%
Aarhus | Odense | Aalborg | Esbjerg | Randers
63%
Banja Luka | Tuzla | Zenica | Bijeljina | Mostar
63%
Cordoba | Rosario | Mendoza | La Plata | Tucumán
63%
Damascus | Homs | Latakia | Hama | Raqqa
63%
Debrecen | Szeged | Miskolc | Pécs | Győr
63%
Kaunas | Klaipėda | Šiauliai | Panevėžys | Alytus
63%
Lahore | Faisalabad | Rawalpindi | Gujranwala | Peshawar
63%
Mashhad | Isfahan | Karaj | Shiraz | Tabriz
63%
Mombasa | Nakuru | Ruiru | Eldoret | Kisumu
63%
Oran | Constantine | Batna | Djelfa | Sétif
63%
Surabaya | Bekasi | Bandung | Medan | Depok
63%
Chittagong | Khulna | Sylhet | Rajshahi | Mymensingh
56%
Espoo | Tampere | Vantaa | Oulu | Turku
56%
Georgetown | Byera | Biabou | Barouallie | Port Elizabeth
56%
Osh | Jalal-Abad | Karakol | Tokmok | Uzgen
56%
Seberang Perai | Subang Jaya | George Town | Ipoh | Shah Alam
56%
Ta'izz | Al Hudaydah | Aden | Ibb | Dhamar
56%
Zahle | Tripoli | Sidon | Tyre | Baalbek
56%
Daugavpils | Liepāja | Jelgava | Jūrmala | Ventspils
50%
Durrës | Vlorë | Elbasan | Shkodër | Kamëz
50%
Kenema | Bo | Koidu | Makeni | Waterloo
50%
Košice | Prešov | Žilina | Banská | Nitra
50%
Limassol | Strovolos | Larnaca | Famagusta | Lakatamia
50%
Lubumbashi | Mbuji-Mayi | Bukavu | Kananga | Kisangani
50%
Mandalay | Naypitaw | Taunggyi | Mawlamyine | Bago
50%
Maribor | Kranj | Celje | Koper | Velenje
50%
Mindelo | Espargos | Assomada | Pedra Badejo | Porto Novo
50%
Nikšić | Herceg Novl | Pljevlja | Bar | Bijelo Polje
50%
Porto Novo | Parakou | Djougou | Bohicon | Kandi
50%
Quito | Cuenca | Santo Domingo | Machala | Durán
50%
Santiago | Camagüey | Holguín | Guantánamo | Santa Clara
50%
Sfax | Sousse | Ettadhamen | Kairouan | Bizerte
50%
Valparaíso | Concepción | La Serena | Antofagasta | Temuco
50%
Yaoundé | Bafoussam | Bamenda | Garoua | Maroua
50%
Bouaké | Yamoussoukro | Daloa | San-Pédro | Divo
44%
Colón | David | La Chorrera | Santiago | Changuinola
44%
Dehiwala | Moratuwa | Sri Jayawardenapura Kotte | Negombo | Kandy
44%
Erdenet | Darkhan | Choibalsan | Mörön | Nalaikh
44%
Gitega | Muyinga | Ngozi | Ruyigi | Kayanza
44%
Gomel | Mogilev | Vitebsk | Grodno | Brest
44%
Kumasi | Tamale | Sekondi-Takoradi | Ashaiman | Sunyani
44%
Omdurman | Nyala | Port Sudan | El-Obeid | Kassala
44%
Santiago | San Felipe | Concepción | San Pedro | La Romana
44%
Taichung | Taoyuan | Tainan | Kaoishung | Hsinchu
44%
Tartu | Narva | Pärnu | Kohtla-Järve | Viljandi
44%
Arequipa | Trujillo | Chiclayo | Piura | Huancayo
38%
Belmopan | Orange Walk | San Pedro | San Ignacio | Corozal
38%
Blantyre | Mzuzu | Zomba | Karonga | Kasungu
38%
Mwanza | Arusha | Mbeya | Morogoro | Tanga
38%
Pakse | Savannakhet | Luang Prabang | Xam Neua | Phonsavan
38%
Portmore | Montego | Spanish Town | May Pen | Mandeville
38%
Santo Amaro | Neves | Santana | Trindade | Santa Cruz
38%
Siem Reap | Battambang | Serei Saophoan | Poipet | Ta Khmau
38%
Tiraspol | Bălți | Bender | Rîbnița | Ungheni
38%
Ḩawallī | Şabāḩ as Sālim | Al Farwānīyah | Al Faḩāḩīl | Kuwait
31%
Bulawayo | Chitungwiza | Mutare | Epworth | Gweru
31%
Gyumri | Vanadzor | Vagharshapat | Abovyan | Kapan
31%
Hamhung | Chongjin | Nampo | Wonsan | Sinuiju
31%
Kitwe | Ndola | Kabwe | Chingola | Mufulira
31%
Kópavogur | Hafnarfjörður | Akureyri | Reykjanesbær | Garðabær
31%
Lae | Arawa | Mount Hagen | Madang | Wewak
31%
Malabo | Ebebiyín | Aconibe | Añisoc | Luba
31%
Maputo | Nampula | Beira | Chimoio | Quelimane
31%
Nonthaburi | Pak Kret | Hat Yai | Chaophraya | Nakhon
31%
Pointe-Noire | Dolisie | Nkayi | Kindamba | Impfondo
31%
San Pedro | Choloma | La Ceiba | El Progresso | Ciudad Choluteca
31%
Sokodé | Kara | Kpalimé | Atakpamé | Dapaong
31%
Türkmenabat | Daşoguz | Mary | Serdar | Baýramaly
31%
Żabbar | Żebbuġ | Żejtun | Siġġiewi | Rabat
31%
Batumi | Kutaisi | Rustavi | Gori | Zugdidi
25%
Cabinda | Huambo | Lubango | Kuito | Malanje
25%
Carrefour | Delmas | Pétion-Ville | Gonaïves | Cap-Haïtien
25%
Dessie | Mekelle | Adama | Awassa | Gondar
25%
Francistown | Molepolole | Maun | Mogoditshane | Serowe
25%
Freeport | West End | Coopers | Marsh Harbour | Freetown
25%
Gouyave | Grenville | Victoria | St David's | Sauteurs
25%
Khujand | Bokhtar | Kulob | Istaravshan | Tursunzoda
25%
León | Masaya | Chinandega | Matagalpa | Estelí
25%
Meneng | Aiwo | Boe | Yaren | Buada
25%
Pokhara | Lalitpur | Bharatpur | Biratnagar | Birgunj
25%
Prizren | Gjilan | Peje | Mitrovice | Ferizaj
25%
Samarkhand | Fergana | Namanghan | Andijan | Nukus
25%
San Fernando | Port of Spain | Arima | Couva | Point Fortin
25%
Santa Ana | Soyapango | Apopa | Mejicanos | Ciudad Delgado
25%
Seeb | Salalah | Bawshar | Sohar | Suwayq
25%
Sumgait | Ganja | Lankaran | Mingachevir | Nakchivan
25%
Toamasina | Antsirabe | Mahajanga | Fianarantsoa | Toliara
25%
Touba | Thiès | Rufisque | Kaolack | M'Bour
25%
Vaduz | Triesen | Balzers | Eschen | Mauren
25%
Walvis | Swakopmund | Otjiwarongo | Okahandja | Keetmanshoop
25%
Alajuela | Cartago | Heredia | Puntarenas | Limón
19%
Bitola | Kumanovo | Prilep | Tetovo | Veles
19%
Brikama | Bakau | Banjul | Farafenni | Lamin
19%
Ciudad del Este | San Lorenzo | Luque | Capiatá | Lambaré
19%
Lelydorp | New Nickerie | Moengo | New Amsterdam | Mariënburg
19%
Linden | New Amsterdam | Anna Regina | Bartica | Skeldon
19%
Maradi | Zinder | Tahoua | Agadez | Arlit
19%
Mbabane | Big Bend | Malkerns | Nhlangano | Mhlume
19%
Salto | Ciudad de Costa | Paysandú | Las Piedras | Rivera
19%
Zarqa | Irbid | Russeifa | Al-Quwaysimah | Tila al-Ali
19%
Bimbo | Berbérati | Carnot | Bambari | Bouar
13%
Bobo Dioulasso | Banfora | Koudougou | Ouahigouya | Kaya
13%
Borgo Maggiore | San Marino | Domagnano | Fiorentino | Acquaviva
13%
Gbarnga | Buchanan | Ganta | Kakata | Zwedru
13%
Luganville | Norsup | Port-Olry | Isangel | Sola
13%
Mixco | Villa Nueva | Quetzaltenango | San Miguel | Escuintla
13%
Moundou | Sarh | Abéché | Kélo | Koumra
13%
Nouadhibou | Kiffa | Kaédi | Zouérat | Rosso
13%
Phuntsholing | Paro | Gelephu | Samdrup Jongkhar | Wangdue Phodrang
13%
Port-Gentil | Masuku | Oyem | Moanda | Mouila
13%
Sikasso | Kalabancoro | Koutiala | Ségou | Kayes
13%
Tofol | Colonia | Kolonia | Nema | Satowan
13%
Vacoas-Phoenix | Beau Bassin | Curepipe | Quatre Bornes | Triolet
13%
Yei | Wau | Malakal | Aweil | Kuajok
13%
Addu | Fuvahmulah | Kulhudhuffushi | Thinadhoo | Naifaru
6%
Ali Sabieh | Dikhil | Tadjoura | Arta | Obock
6%
Anse Boileau | Bel Ombre | Beau Vallon | Cascade | Anse Royale
6%
Bafatá | Gabú | Bissorã | Bolama | Cacheu
6%
Beledweyne | Marka | Jamaame | Bosaso | Afgooye
6%
Betio | Bikenibeu | Teaoraereke | Bairiki | Eita
6%
Cayon | Charlestown | Dieppe Bay | Gingerland | Newcastle
6%
Escaldes-Engordany | Encamp | Sant Julià | La Massana | Santa Coloma
6%
Esch-Uelzecht | Differdange | Dudelange | Ettelbruck | Diekirch
6%
Gisenyi | Ruhengeri | Butare | Muhanga | Byumba
6%
Gizo | Auki | Noro | Buala | Tulagi
6%
Keren | Teseney | Mendefera | Agordat | Assab
6%
Kuala Belait | Seria | Tutong | Kapok | Bangar
6%
Lapaha | Neiafu | Haveluloto | Tatakamotonga | Vaini
6%
Maliana | Suai | Likisá | Aileu | Lospalos
6%
Moutsamoudou | Fomboni | Domoni | Sima | Ouani
6%
Nansana | Kira | Ssabagabo | Mbarara | Mukono
6%
Nzérékoré | Kankan | Manéah | Dubréka | Kindia
6%
Portsmouth | Marigot | Berekua | Mahaut | St Joseph
6%
Riffa | Muharraq | Hamad | A'ali | Isa
6%
Speightstown | Oistins | Bathsheba | Holetown | The Crane
6%
Teyateyaneng | Maputsoe | Mohale's Hoek | Mafeteng | Hlotse
6%
All Saints | Liberta | Potter's Village | Bolans | Swetes
0%
Al Wakrah | Al-Shahaniya | Mesaieed | Madinat Khalifa | Nu'ayjah
0%
Asau | Mulifanua | Faleula | Siusega | Malie
0%
Bisée | Vieux Fort | Micoud | Soufrière | Dennery
0%
Ebaye | Arno | Jabor | Wotje | Mili
0%
Kloulklubed | Ulimang | Mengellang | Angaur | Ngchesar
0%
Savave | Motufoua | Teava | Tanrake | Tumaseu
0%

Score Distribution

Percentile by Number Answered

Percent of People with Each Score

Your Score History

You have not taken this quiz since the last reset